Епископ и каноническая территория (Запись № 13173269)

Подробности
000 -МАРКЕР
контрольное поле 03149nam0a2200409 4500
001 - ИДЕНТИФИКАТОР ЗАПИСИ
контрольное поле RU\NLR\BIBL_A\012797802
005 - ИДЕНТИФИКАТОР ВЕРСИИ
контрольное поле 20230406163804.0
010 ## - МЕЖДУНАРОДНЫЙ СТАНДАРТНЫЙ НОМЕР КНИГИ (ISBN)
Номер (ISBN) 978-5-4484-3230-9
Тираж 500
021 ## - НОМЕР ГОСУДАРСТВЕННОЙ РЕГИСТРАЦИИ
Код страны Российская Федерация
Номер КН-П-22-010120
Номер Листа государственной регистраци КН-П-22-0840
035 ## - ДРУГИЕ СИСТЕМНЫЕ НОМЕРА
Идентификатор записи (NLR Aleph) 012797802
035 ## - ДРУГИЕ СИСТЕМНЫЕ НОМЕРА
Идентификатор записи (RuMoRGB)010983761
100 ## - ДАННЫЕ ОБЩЕЙ ОБРАБОТКИ
Данные общей обработки 20220524d2022 k y0rusy50 ca
101 0# - ЯЗЫК РЕСУРСА
Язык текста, звукозаписи и т.д. русский
102 ## - СТРАНА ПУБЛИКАЦИИ ИЛИ ПРОИЗВОДСТВА
Страна публикации Российская Федерация
105 ## - ПОЛЕ КОДИРОВАННЫХ ДАННЫХ: ТЕКСТОВЫЕ МАТЕРИАЛЫ, МОНОГРАФИЧЕСКИЕ
Кодированные данные о монографическом текстовом документе ab z 000zy
181 #0 - ПОЛЕ КОДИРОВАННЫХ ДАННЫХ: ВИД СОДЕРЖАНИЯ
Код вида содержания (ISBD) i
Код характеристики содержания (ISBD) axxe
182 #0 - ПОЛЕ КОДИРОВАННЫХ ДАННЫХ: ТИП СРЕДСТВА
Код типа средства (ISBD) n - непосредственное
200 1# - ЗАГЛАВИЕ И СВЕДЕНИЯ ОБ ОТВЕТСТВЕННОСТИ
Основное заглавие Епископ и каноническая территория
Первые сведения об ответственности Григорий Приходько
203 ## - ВИД СОДЕРЖАНИЯ И ТИП СРЕДСТВА
Вид содержания Текст
Дополнительные сведения об издании визуальный
Тип средства непосредственный
210 ## - ПУБЛИКАЦИЯ, РАСПРОСТРАНЕНИЕ И ДР.
Место издания, распространения и т.д. Москва
Имя издателя, распространителя и т. д. Вече
Дата издания, распространения и т.д. 2022
215 ## - ФИЗИЧЕСКАЯ ХАРАКТЕРИСТИКА
Специфическое обозначение материала и объем 398, [1] с., [4] л. цв. ил., карт.
Размеры 21
300 ## - ОБЩИЕ ПРИМЕЧАНИЯ
Текст примечания На 4-й с. пер. авт.: Г. Приходько, д.ю.н., д.канон. права
300 ## - ОБЩИЕ ПРИМЕЧАНИЯ
Текст примечания На 4-й с. пер.: Вече 30 лет
320 ## - ПРИМЕЧАНИЯ О НАЛИЧИИ В ДОКУМЕНТЕ БИБЛИОГРАФИИ / УКАЗАТЕЛЯ
Текст примечания Библиогр.: с. 355-388
330 ## - РЕЗЮМЕ ИЛИ РЕФЕРАТ
Текст примечания Книга представляет собой качественно новое исследование по наиболее актуальным вопросам межцерковных и церковно-государственных отношений. Само понятие <каноническая территория> появилось относительно недавно, однако оно, несомненно, обозначает очень древнюю юридическую конструкцию. Ведь именно принцип недопустимости посягательства на чужую территорию и отказ от любой формы полиархии привели к установлению точных правил касательно административной организации Церкви. Отталкиваясь от этой идеи, автор на основании многочисленных исторических примеров раскрывает не только органичную связь между учением о епископском служении и понятием <каноничная территория>, но и проводит подробный экскурс в историю установления церковно-административных структур на основе трех основных моделей, действовавших на территории Римской и Персидской империй, а также в Армянском царстве
333 ## - ПРИМЕЧАНИЯ ОБ ОСОБЕННОСТЯХ РАСПРОСТРАНЕНИЯ И ИСПОЛЬЗОВАНИЯ
Текст примечания 16+
606 ## - НАИМЕНОВАНИЕ ТЕМЫ КАК ПРЕДМЕТ
Наименование темы Церковное право
Системный номер авторитетной/нормативной записи 1258999
Идентификатор авторитетной/нормативной записи RU\NLR\AUTH\66516609
606 1# - НАИМЕНОВАНИЕ ТЕМЫ КАК ПРЕДМЕТ
Наименование темы Религия и государство
Системный номер авторитетной/нормативной записи 2390175
Идентификатор авторитетной/нормативной записи RU\NLR\AUTH\661425451
686 1# - ИНДЕКСЫ ДРУГИХ КЛАССИФИКАЦИЙ
Индекс Х2(2)0-627
686 2# - ИНДЕКСЫ ДРУГИХ КЛАССИФИКАЦИЙ
Индекс Э37-62
700 #1 - ИМЯ ЛИЦА - ПЕРВИЧНАЯ ОТВЕТСТВЕННОСТЬ
Графика поля Кириллица
Материалы, к которым относится поле rus
Начальный элемент ввода Приходько
Часть имени, кроме начального элемента ввода Г.
Дополнения к именам, кроме дат д-р права
Расширение инициалов личного имени Григорий
Системный номер авторитетной/нормативной записи 246144
Идентификатор авторитетной/нормативной записи RU\NLR\AUTH\770246200
942 ## - ДОПОЛНИТЕЛЬНЫЕ ЭЛЕМЕНТЫ ЗАПИСИ (АБИС)
Тип экземпляра АБИС Книга
980 ## - КОЛЛЕКЦИЯ
Название коллекции Национальная библиография
Экземпляры
Тип экземпляра Дата поступления Источник поступления Библиотека постоянного хранения Библиотека текущего хранения Место хранения Шифр хранения Штрих-код Статус экземпляра
Книга 24.05.2022 Обязательный экземпляр РНБ (Московский) РНБ (Московский) Русский книжный фонд: издания с 1957 года 2022-3/13608 1-3817773  
Книга 24.05.2022 Обязательный экземпляр РНБ (Московский) РНБ (Московский) Русский книжный фонд: издания с 1957 года 2022-3/13608 1-3817774